01016nam a2200253 u 450000100070000000500170000700800410002403500110006504000130007604100080008908000070009710000420010424501790014626000230032530000180034865000300036665000340039665000250043070000420045570000420049770000450053970000470058450001310063168259720260506091525.0010817s2001 ||||||m| spa  a682597 ccomduadb aspa aWX10aRamirez Orozco, Sergio Leon4auteaut10aDiseño e implementacion de un programa de auditoria médica en la empresa social del Estado Hospital Gilberto Mejía Mejíia de Rionegro, Antioquia en el año 2000-2001 aMedellín,c2001. a110 páginas 7aAuditoría médica2dcs aHospital Gilberto Mejia Mejia aRionegro (Antioquia)10aRendon Castrillon, Diana C.4auteaut10aRivas Urrea, Jorge Humberto4auteaut10aVasquez Castano, Cesar Orlando4auteaut10aGiraldo Gaviria, Libardo Antonio4drtedrt aTesis (Administrador de Servicios de Salud con Enfasis en Desarrollo Empresarial) Universidad de Antioquia. - Véase Además